000 00669nam a22002177a 4500
001 BD-DhSAU 2053
003 BD-DhSAU
005 20150126105122.0
008 150126b1972 ii a||||r|||| 000 0 eng d
040 _aBD-DhSAU
082 _222
_a634.9
_bBRI
100 _aBrandis, Dietrich.
245 _aIllustration of the forest flora of north-west and central India /
_cDietrich Brandis.
260 _aDelhi :
_bJayed Press ,
_cc1972.
300 _aiv, LXX p. :
_bill. ;
_c33 cm.
590 _ajoy
650 _aForestry.
650 _aForest flora.
650 _aForest flora of north-west and central India
_zNorth-west India.
650 _aForest flora.
_zCentral India.
942 _2ddc
_cBOOK
999 _c2053
_d2053